[Event "FRA-ch U12 Girls"]
[Site "Le Grand Bornand"]
[Date "2007.04.??"]
[Round "2"]
[White "Marinigh, Lisa"]
[Black "Eid, Maha"]
[Result "0-1"]
[WhiteElo "1540"]
[BlackElo "1850"]
[PlyCount "74"]
[EventDate "2007.04.07"]
[EventType "swiss"]
[EventRounds "9"]
[EventCountry "FRA"]
[SourceTitle "CBM 118 Extra"]
[Source "ChessBase"]
[SourceDate "2007.07.04"]
[SourceVersion "1"]
[SourceVersionDate "2007.07.04"]
[SourceQuality "1"]

1. e4 c5 2. Nf3 e6 3. Nc3 a6 4. Bc4 Qc7 5. 0-0 b5 6. Be2 Bb7 7. d3 Nc6 8. Be3 Nf6 9. h3 Be7 10. a3 0-0 11. d4 b4 12. axb4 cxb4 13. Nb1 Nxe4 14. Nbd2 Nf6 15. Nb3 Nd5 16. Qd2 a5 17. Bb5 Qb6 18. Bxc6 Bxc6 19. Ne5 Bb5 20. Rfe1 f6 21. Nf3 f5 22. Qc1 Rfc8 23. Qd1 a4 24. Nc1 a3 25. b3 Qc7 26. Bg5 Bxg5 27. Nxg5 h6 28. Nf3 Qxc2 29. Qxc2 Rxc2 30. Ne5 Rac8 31. g3 Nc3 32. h4 Ne4 33. Ned3 Rb8 34. f3 Nxg3 35. Ne5 Rb7 36. Rd1 Ne2+ 37. Kf1 Nc3+ 0-1